000
00233 a2200085 4500
020
_a
9783836544672
100
_a
August Sarnitz
245
_a
Adolf Loos: 1870-1933: Architect, Cultural Critic, Dandy
260
_b
Taschen America Llc
_c
2016
999
_c
13375
_d
13375